EURO CRASH THE EXIT ROUTE FROM MONETARY (Record no. 29255)
[ view plain ]
| 000 -LEADER | |
|---|---|
| fixed length control field | 00379nam a2200145Ia 4500 |
| 008 - FIXED-LENGTH DATA ELEMENTS--GENERAL INFORMATION | |
| fixed length control field | 240624s9999 xx 000 0 und d |
| 041 ## - LANGUAGE CODE | |
| Language code of text/sound track or separate title | eng |
| 082 ## - DEWEY DECIMAL CLASSIFICATION NUMBER | |
| Classification number | 332.4 BRO |
| 100 ## - MAIN ENTRY--PERSONAL NAME | |
| Personal name | BROWN BRENDAN |
| 245 ## - TITLE STATEMENT | |
| Title | EURO CRASH THE EXIT ROUTE FROM MONETARY |
| 250 ## - EDITION STATEMENT | |
| Edition statement | (2nd ed.) |
| 260 ## - PUBLICATION, DISTRIBUTION, ETC. | |
| Date of publication, distribution, etc. | 2012 |
| Place of publication, distribution, etc. | New York |
| Name of publisher, distributor, etc. | Palgrave Macmillan |
| 300 ## - PHYSICAL DESCRIPTION | |
| Extent | viii, 210 p.; 22 cm. |
| 365 ## - TRADE PRICE | |
| Currency code | BPS |
| Price amount | 38 |
| Withdrawn status | Lost status | Damaged status | Not for loan | Home library | Current library | Shelving location | Date acquired | Cost, normal purchase price | Full call number | Barcode | Date last seen | Copy number | Price effective from | Koha item type |
|---|---|---|---|---|---|---|---|---|---|---|---|---|---|---|
| IMTN | IMTN | Rack 7-B | 09/11/2017 | 70.00 | 332.4 BRO | 29255 | 06/24/2024 | 86.9 | 06/24/2024 | Books |